No siempre será igual (Record no. 847638)
[ view plain ]
| 000 -CABECERA | |
|---|---|
| Campo de control de longitud fija | 00516nab a2200145 4500 |
| 003 - IDENTIFICADOR DEL NÚMERO DE CONTROL | |
| Campo de control | ES-SlBCS |
| 005 - FECHA Y HORA DE LA ÚLTIMA TRANSACCIÓN | |
| Campo de control | 20210327231158.0 |
| 008 - CÓDIGOS DE INFORMACIÓN DE LONGITUD FIJA | |
| Campo de control de longitud fija | 140707s2014 sp ||||| |||| 00| 0 spa d |
| 040 ## - FUENTE DE LA CATALOGACIÓN | |
| Centro catalogador del origen | ES-SlBCS |
| Lengua de catalogación | spa |
| 100 10 - PUNTO DE ACCESO PRINCIPAL-NOMBRE DE PERSONA | |
| Nombre de persona | Ebach, Jürgen |
| 9 (RLIN) | 22855 |
| 245 10 - MENCIÓN DE TÍTULO | |
| Título | No siempre será igual |
| Resto del título | : Observaciones e intuiciones sobre la apocalíptica bíblica |
| Mención de responsabilidad, etc. | Jürgen Ebach |
| 630 04 - PUNTO DE ACCESO ADICIONAL DE MATERIA-TÍTULO UNIFORME | |
| Título uniforme | Biblia |
| Nombre de parte o sección de la obra | N.T. |
| -- | Epístolas de Pablo |
| Subdivisión de materia general | Apocalipsis |
| 9 (RLIN) | 405773 |
| 773 0# - ENLACE AL DOCUMENTO FUENTE | |
| Parte(s) relacionada(s) | Nº 356, 2014, págs. 329-340 |
| Título | Concilium |
| Número de control del registro relacionado | Rev134 |
| Número Internacional Normalizado para Publicaciones Seriadas (ISSN) | 0210-1041 |
| 942 ## - ENTRADA DE ELEMENTOS AGREGADOS (KOHA) | |
| Fuente de clasificaión o esquema | |
| Koha [por defecto] tipo de item | Artículos de revista |
| Suprimido | Perdido | Fuente de clasificación o esquema | Estropeado | No para préstamo | Localización permanente | Localización actual | Localización en estantería | Fecha adquisición | Préstamos totales | Fecha última consulta | Fecha del precio de reemplazo | Tipo de item de Koha |
|---|---|---|---|---|---|---|---|---|---|---|---|---|
| San Esteban | San Esteban | Depósito de revistas | 07/07/2014 | 07/07/2014 | 07/07/2014 | Artículos de revista |
